Curso práctico de trigonometría
保存先:
| 第一著者: | |
|---|---|
| その他の著者: | , |
| フォーマット: | 不明 |
| 言語: | Spanish |
| 出版事項: |
Barcelona : Montaner y Simn̤
1967.
|
| 主題: | |
| タグ: |
タグ追加
タグなし, このレコードへの初めてのタグを付けませんか!
|
MARC
| LEADER | 00000 a2200000 4500 | ||
|---|---|---|---|
| 003 | 001815 | ||
| 005 | 20221231143823.0 | ||
| 008 | 140114s1967 sp a 000 ||spa d | ||
| 040 | |c cru CEDI | ||
| 082 | |a 514.076 C953c | ||
| 100 | |a Crowder, Norman A. |9 20796 | ||
| 245 | |a Curso práctico de trigonometría | ||
| 260 | |c 1967. |a Barcelona : Montaner y Simn̤ | ||
| 300 | |a x, 250 pg̀inas : ilustraciones ; 23 cm | ||
| 500 | |a Traduccion de: Trigonometry, a practical course. | ||
| 650 | |z HIDROCARBUROS |9 20797 | ||
| 651 | |x TRIGONOMETRIA - PROBLEMAS, EJERCICIOS, ETC. |9 20798 | ||
| 700 | |9 20795 |a Martin, Grace C. | ||
| 700 | |9 20799 |a Serrano, Manuel | ||
| 942 | |2 ddc |c BK | ||
| 999 | |c 12477 |d 12477 | ||
